BCIS Civil Engineering Price Book 2008 (Record no. 108230)

MARC details
000 -LEADER
fixed length control field 01062cam a22002295a 4500
001 - CONTROL NUMBER
control field L143617
008 - FIXED-LENGTH DATA ELEMENTS--GENERAL INFORMATION
fixed length control field 080521s2008 xxk f s 001 0 eng d
020 ## - INTERNATIONAL STANDARD BOOK NUMBER
International Standard Book Number 9781904829782
035 ## - SYSTEM CONTROL NUMBER
System control number (Sirsi) u143617
041 0# - LANGUAGE CODE
Language code of text/sound track or separate title eng
050 04 - LIBRARY OF CONGRESS CALL NUMBER
Classification number 690.23 $2 18
110 2# - MAIN ENTRY--CORPORATE NAME
Corporate name or jurisdiction name as entry element Building Cost Information Service
9 (RLIN) 1096
245 00 - TITLE STATEMENT
Title BCIS Civil Engineering Price Book 2008
260 ## - PUBLICATION, DISTRIBUTION, ETC.
Place of publication, distribution, etc. London
Name of publisher, distributor, etc. BCIS
Date of publication, distribution, etc. 2008
300 ## - PHYSICAL DESCRIPTION
Extent 413p.
Dimensions 26cm.
520 ## - SUMMARY, ETC.
Summary, etc. Provides up-to-date cost data aimed at contractors, engineers and surveyors involved in financial management of civil engineering projects. The data is vital when preparing early cost estimates and developing cost plans and estimates during project procurement and delivery. Facilitates the agreement of new rates when variations occur and the assessment of costs where claims are raised. Covers typical build up of costs, labour resources, plant resources, material resources and unit rates.
590 ## - LOCAL NOTE (RLIN)
Local note KA
651 #4 - SUBJECT ADDED ENTRY--GEOGRAPHIC NAME
Geographic name United Kingdom
Chronological subdivision
690 ## - LOCAL SUBJECT ADDED ENTRY--TOPICAL TERM (OCLC, RLIN)
Topical term or geographic name as entry element BUILT ENVIRONMENT-BUILDING COSTS
942 ## - ADDED ENTRY ELEMENTS (KOHA)
Suppress in OPAC 0
Holdings
Withdrawn status Lost status Source of classification or shelving scheme Damaged status Not for loan Home library Current library Shelving location Date acquired Total Checkouts Full call number Barcode Date last seen Copy number Price effective from Koha item type Date last checked out
    Dewey Decimal Classification     London London Books 21/05/2008   690.23 BCI 30074705 06/08/2019 2 06/08/2019 Reference material  
    Dewey Decimal Classification     London London Books 21/05/2008 11 690.23 BCI 30074706 06/08/2019 3 06/08/2019 Book 14/01/2010
    Dewey Decimal Classification     London London RICS Boxes 22/05/2008   RICS 2007/16 30074704 06/08/2019 1 06/08/2019 Archive